Skip to main content
Your cart is empty.
Your lists
Log in to create your own lists
Your cookies
العربية
English
العربية
Home
Search
Advanced search
Authority search
About
The noble scholar, jurist, historian
His Excellency Dr. Abdul Wahhab bin Ibrahim Abu Sulaiman, may Allah have mercy on him.
He was born in Umm Al-Qura in the year 1356 AH.
Library catalog
Title
Author
Subject
ISBN
ISSN
Series
Call number
Log in to your account
×
Login:
Password:
Home
MARC view: أطباء من أجل المملكة :
Normal view
MARC view
ISBD view
أطباء من أجل المملكة : (Record no. 13891)
[
view plain
]
MARC details
000 -LEADER
fixed length control field
01331cam a22003011i 4500
003 - CONTROL NUMBER IDENTIFIER
control field
SA-RiAUC
005 - DATE AND TIME OF LATEST TRANSACTION
control field
20260104140511.0
008 - FIXED-LENGTH DATA ELEMENTS--GENERAL INFORMATION
fixed length control field
251230s2005 su o g b f00000 ara c
020 ## - INTERNATIONAL STANDARD BOOK NUMBER
International Standard Book Number
9960880710
040 ## - CATALOGING SOURCE
Original cataloging agency
SA-JeALM
Language of cataloging
ara
Transcribing agency
SA-RiAUC
Description conventions
rda
041 1# - LANGUAGE CODE
Language code of text/sound track or separate title
ara
Language code of original
und
043 ## - GEOGRAPHIC AREA CODE
Geographic area code
a-su---
050 #4 - LIBRARY OF CONGRESS CALL NUMBER
Item number
A76125 2005
082 04 - DEWEY DECIMAL CLASSIFICATION NUMBER
Classification number
362.1109531
Assigning agency
SA-RiAUC
090 ## - LOCALLY ASSIGNED LC-TYPE CALL NUMBER (OCLC); LOCAL CALL NUMBER (RLIN)
Classification number (OCLC) (R) ; Classification number, CALL (RLIN) (NR)
362.110953
Local cutter number (OCLC) ; Book number/undivided call number, CALL (RLIN)
ا ر م
100 1# - MAIN ENTRY--PERSONAL NAME
Personal name
أرميردينج، باول ل.
Relator term
مؤلف.
245 10 - TITLE STATEMENT
Title
أطباء من أجل المملكة :
Remainder of title
عمل مستشفيات الإرسالية الأمريكية في المملكة العربية السعودية /
Statement of responsibility, etc.
بول أرميردينغ ؛ ترجمة عبد الله بن ناصر السبيعي.
264 #1 - PRODUCTION, PUBLICATION, DISTRIBUTION, MANUFACTURE, AND COPYRIGHT NOTICE
Place of production, publication, distribution, manufacture
الرياض :
Name of producer, publisher, distributor, manufacturer
دارة الملك عبد العزيز،
Date of production, publication, distribution, manufacture, or copyright notice
2005
300 ## - PHYSICAL DESCRIPTION
Extent
228 صفحة :
Other physical details
صور ؛
Dimensions
22 سم .
336 ## - CONTENT TYPE
Content type term
نص
Content type code
txt
Source
rdacontent
Materials specified
كتاب
337 ## - MEDIA TYPE
Media type term
بدون وسيط
Media type code
n
Source
rdamedia
490 0# - SERIES STATEMENT
Series statement
كتاب الدارة ؛
Volume/sequential designation
6
504 ## - BIBLIOGRAPHY, ETC. NOTE
Bibliography, etc. note
ببليوجرافية : صفحة 211-228.
650 #7 - SUBJECT ADDED ENTRY--TOPICAL TERM
Topical term or geographic name entry element
الإرساليات التبشيرية
Geographic subdivision
السعودية
Chronological subdivision
قرن 14 هجري
Source of heading or term
aucsh
700 1# - ADDED ENTRY--PERSONAL NAME
Personal name
السبيعي، عبد الله ناصر عبد الله،
Dates associated with a name
1364 هجري-
Relator term
مترجم.
942 ## - ADDED ENTRY ELEMENTS (KOHA)
Source of classification or shelving scheme
Dewey Decimal Classification
Koha item type
Books
Suppress in OPAC
No
949 ## - LOCAL PROCESSING INFORMATION (OCLC)
a
SA-JeALM
d
251230
u
osman123
n
1
Holdings
Withdrawn status
Lost status
Source of classification or shelving scheme
Damaged status
Not for loan
Home library
Current library
Date acquired
Total checkouts
Full call number
Barcode
Date last seen
Price effective from
Koha item type
Dewey Decimal Classification
DR AbdElwahab Library
DR AbdElwahab Library
01/04/2026
362.1109531 ا ر م
000022235
01/04/2026
01/04/2026
Books
Place hold
Print
Add to your cart
(remove)
Save record
BIBTEX
Dublin Core
MARCXML
MARC (non-Unicode/MARC-8)
MARC (Unicode/UTF-8)
MARC (Unicode/UTF-8, Standard)
MODS (XML)
RIS
ISBD
More searches
Search for this title in:
Other Libraries (WorldCat)
Other Databases (Google Scholar)
Online Stores (Bookfinder.com)
Open Library (openlibrary.org)
Exporting to Dublin Core...
×
Simple DC-RDF
OAI-DC
SRW-DC